| Tag |
First Indicator |
Second Indicator |
Subfields |
| LEADER |
00000cam a2200000 a 4500 |
| 001 |
in00002781830 |
| 005 |
20211120170028.0 |
| 006 |
m o d f |
| 007 |
cr bn||||a|||| |
| 008 |
120905s2012 dcu ob f000 0 eng c |
| 035 |
|
|
|a (OCoLC)ocn809201068
|
| 040 |
|
|
|a GPO
|b eng
|c GPO
|d GPO
|d OCLCQ
|d GPO
|d OCLCO
|d OCLCF
|d OCLCO
|d GPO
|d MvI
|d UtOrBLW
|
| 042 |
|
|
|a pcc
|
| 043 |
|
|
|a n-us---
|a n-us-dc
|
| 049 |
|
|
|a WWW
|
| 050 |
1 |
4 |
|a KF27
|b .P8964 2012c
|
| 074 |
|
|
|a 1024-C-01 (online)
|
| 086 |
0 |
|
|a Y 4.T 68/2:112-89
|
| 110 |
1 |
|
|a United States.
|b Congress.
|b House.
|b Committee on Transportation and Infrastructure.
|b Subcommittee on Economic Development, Public Buildings, and Emergency Management.
|
| 245 |
1 |
0 |
|a Sitting on our assets :
|b the Georgetown Heating Plant : hearing before the Subcommittee on Economic Development, Public Buildings, and Emergency Management of the Committee on Transportation and Infrastructure, House of Representatives, One Hundred Twelfth Congress, second session, June 19, 2012.
|
| 246 |
3 |
0 |
|a Georgetown Heating Plant
|
| 264 |
|
1 |
|a Washington :
|b U.S. G.P.O.,
|c 2012.
|
| 300 |
|
|
|a 1 online resource (vii, 49 pages)
|
| 336 |
|
|
|a text
|b txt
|2 rdacontent
|
| 337 |
|
|
|a computer
|b c
|2 rdamedia
|
| 338 |
|
|
|a online resource
|b cr
|2 rdacarrier
|
| 500 |
|
|
|a Title from title screen (viewed on Sept. 5, 2012).
|
| 500 |
|
|
|a Paper version available for sale by the Supt. of Docs., U.S. G.P.O.
|
| 504 |
|
|
|a Includes bibliographical references.
|
| 500 |
|
|
|a "112-89."
|
| 500 |
|
|
|a Electronic resource.
|
| 650 |
|
0 |
|a Government sale of real property
|z United States.
|
| 650 |
|
0 |
|a Government sale of real property
|z Washington (D.C.)
|
| 650 |
|
0 |
|a Surplus government property
|z United States.
|
| 650 |
|
0 |
|a Surplus government property
|z Washington (D.C.)
|
| 610 |
2 |
0 |
|a Georgetown Heating Plant (Washington, D.C.)
|
| 650 |
|
0 |
|a Heating plants
|z Washington (D.C.)
|
| 650 |
|
0 |
|a Public buildings
|z United States
|x Management.
|
| 650 |
|
0 |
|a Public buildings
|z Washington (D.C.)
|x Management.
|
| 650 |
|
0 |
|a Real property
|z United States
|x Management.
|
| 650 |
|
0 |
|a Real property
|z Washington (D.C.)
|x Management.
|
| 610 |
1 |
0 |
|a United States.
|b General Services Administration.
|
| 610 |
2 |
7 |
|a Georgetown Heating Plant (Washington, D.C.)
|2 fast
|0 (OCoLC)fst01903347
|
| 610 |
1 |
7 |
|a United States.
|b General Services Administration.
|2 fast
|0 (OCoLC)fst00531228
|
| 650 |
|
7 |
|a Government sale of real property.
|2 fast
|0 (OCoLC)fst00945591
|
| 650 |
|
7 |
|a Heating plants.
|2 fast
|0 (OCoLC)fst00954096
|
| 650 |
|
7 |
|a Public buildings
|x Management.
|2 fast
|0 (OCoLC)fst01082148
|
| 650 |
|
7 |
|a Real property
|x Management.
|2 fast
|0 (OCoLC)fst01091127
|
| 650 |
|
7 |
|a Surplus government property.
|2 fast
|0 (OCoLC)fst01139515
|
| 651 |
|
7 |
|a United States.
|2 fast
|0 (OCoLC)fst01204155
|
| 651 |
|
7 |
|a Washington (D.C.)
|2 fast
|0 (OCoLC)fst01204505
|
| 776 |
0 |
8 |
|i Print version:
|a United States. Congress. House. Committee on Transportation and Infrastructure. Subcommittee on Economic Development, Public Buildings, and Emergency Management.
|t Sitting on our assets
|w (DLC) 2013414531
|w (OCoLC)808731962
|
| 776 |
0 |
8 |
|i Microfiche version:
|a United States. Congress. House. Committee on Transportation and Infrastructure. Subcommittee on Economic Development, Public Buildings, and Emergency Management.
|t Sitting on our assets
|w (OCoLC)827238977
|
| 856 |
4 |
0 |
|u https://purl.fdlp.gov/GPO/gpo27828
|t 0
|
| 999 |
|
|
|a MARS
|
| 999 |
f |
f |
|s bb630e53-455a-33ed-ba02-c86ce7fbb406
|i fa4c53ca-56f1-313c-bdd2-d0a5792ecc5b
|t 0
|
| 952 |
f |
f |
|a Texas A&M University
|b College Station
|c Electronic Resources
|d Available Online
|t 0
|e Y 4.T 68/2:112-89
|h Superintendent of Documents classification
|
| 998 |
f |
f |
|a Y 4.T 68/2:112-89
|t 0
|l Available Online
|